000 00252nam a22001217a 4500
082 _a823
_bAPY/T
100 _aAPY, DEBORAH
245 _aTREASURED TALES OF CHRISTMAS
260 _bCURRENT
_c1980
300 _a30
650 _aENGLISH STORY
942 _cBK
999 _c7551
_d7551